Welcome to the Holygrace Academy Library

Please use search bar below to get started

DORK DIARIES (Record no. 6006)

MARC details
000 -LEADER
fixed length control field 00662nam a22001457a 4500
020 ## - INTERNATIONAL STANDARD BOOK NUMBER
ISBN 978-0-85707-476-8
082 ## - DEWEY DECIMAL CLASSIFICATION NUMBER
Classification number 823
Item number RUS/D
100 ## - MAIN ENTRY--AUTHOR NAME
Personal name RUSSEL, RACHEL RENEE
245 ## - TITLE STATEMENT
Title DORK DIARIES
Remainder of title PARTY TIME
260 ## - PUBLICATION, DISTRIBUTION, ETC. (IMPRINT)
Place of publication UNITED KINGDOM
Name of publisher SIMON & SCHUSTER
Year of publication 2010
300 ## - PHYSICAL DESCRIPTION
Number of Pages 277
520 ## - SUMMARY, ETC.
Summary, etc It is about a girl called Niki who doesn't really get along with the kids at her school. Her biggest enemy is Mackenzie. Niki is in a bit of trouble when she had to organise the high school Halloween party. Will she cope or will she be a normal dork who has a crush on Brandon the hottest boy in 8th grade?
650 ## - SUBJECT ADDED ENTRY--TOPICAL TERM
Topical Term CHILDEN'S STORY BOOK
Geographic subdivision UNITED KINGDOM
942 ## - ADDED ENTRY ELEMENTS (KOHA)
Koha item type Books
Holdings
Withdrawn status Lost status Collection code Home library Current library Shelving location Date acquired Source of acquisition Full call number Accession Number Koha item type
    Fiction Main Library Main Library SHELF 15 H-HARRY POTTER(CHARACTERISATION),WIMPY KID,DORK DIARIES 19/10/2018 purchase 823 RUS/D 10304 Books